000 00419nam a2200109Ia 4500
008 160909s9999 xx 000 0 und d
100 _aGraham, Scott Hester
245 _aBest management strategies to manage the tarnished plant bug (heteroptera: miridae) in cotton
260 _bMississippi State University.
_c2016
650 _aMARKETING MANAGEMENT
856 _uhttp://pqdtopen.proquest.com/doc/1784264307.html?FMT=ABS
999 _c304858
_d304858